| 000 | 01183nam a2200313 i 4500 | ||
|---|---|---|---|
| 001 | 000043478 | ||
| 003 | DO-SdBNP | ||
| 005 | 20240919093731.0 | ||
| 007 | ta | ||
| 008 | 090929s1996 dr a 001 0 spa d | ||
| 040 |
_aDO-SdBNP _bspa _cBNPHU _erda |
||
| 082 | 4 |
_a581.97293 _bL763f 1996 _222 |
|
| 100 | 1 |
_aLiogier, Alain Henri, _d1916- _eautor _4aut. _924048 |
|
| 245 | 1 | 3 |
_aLa flora de La Española / _cAlain Henri Liogier. |
| 250 | _aSegunda edición | ||
| 264 | 4 |
_aSanto Domingo, República Dominicana : _bEdiciones de la UCE, _c©1996. |
|
| 300 |
_avolúmenes : _bilustraciones ; _c24 cm. |
||
| 336 |
_atexto _btxt _2rdacontent |
||
| 337 |
_asin mediación _bn _2rdamedia |
||
| 338 |
_avolumen _bnc _2rdacarrier |
||
| 490 |
_aUniversidad Central del Este _v6, 46, 56, 64 |
||
| 490 |
_aSerie Científica _v12, 15, 22, 24 |
||
| 500 | _aIncluye referencias bibliográficas y notas al pie de las páginas | ||
| 590 | _aInventariado, 2024/BT | ||
| 650 | 4 |
_aBotánica _zIsla Española (Haití y República Dominicana} _924049 |
|
| 650 | 4 |
_aFlora _91516 _zIsla Española (Haití y República Dominicana} |
|
| 910 | _aBtavárez/Validado. Control de calidad MFF | ||
| 942 |
_2ddc _cLBS1 |
||
| 999 |
_c51825 _d51825 |
||